[Event "Criciuma op-B"]
[Site "Criciuma"]
[Date "2024.01.16"]
[Round "7"]
[White "Dos Santos, Felipe Gabriel"]
[Black "Vargas Junior, Celio Matias"]
[Result "1-0"]
[WhiteElo "1207"]
[BlackElo "1800"]
[PlyCount "83"]
[EventDate "2024.01.12"]
[EventType "swiss"]
[EventRounds "9"]
[EventCountry "BRA"]
[SourceTitle "CB04_2024"]
[SourceDate "2023.10.16"]
[SourceVersion "1"]
[SourceVersionDate "2023.10.16"]
[SourceQuality "1"]

1. f4 Nf6 2. Nf3 Nc6 3. e3 d6 4. d4 e6 5. c3 d5 6. Bd3 Be7 7. 0-0 b6 8. Qe1 Bb7 9. Nbd2 Qd7 10. a4 Nb8 11. Ne5 Qc8 12. Ndf3 Ne4 13. Bxe4 dxe4 14. Nd2 Nd7 15. Qg3 Bf6 16. b3 g6 17. Ba3 Bg7 18. Ndc4 Bd5 19. Nd2 Bb7 20. c4 c5 21. Rad1 Nxe5 22. fxe5 0-0 23. Rf4 Qc7 24. Nxe4 Rfd8 25. Nd6 Rd7 26. Rdf1 Rf8 27. Qf2 f6 28. Nxb7 Qxb7 29. exf6 Bh6 30. Rf3 Rff7 31. Qh4 Bf8 32. Rd1 cxd4 33. Bxf8 Kxf8 34. exd4 e5 35. d5 Qc7 36. Qe4 Qd6 37. g4 g5 38. Rf5 Qc5+ 39. Kg2 Rd6 40. Rdf1 Qa3 41. Qxe5 Qb2+ 42. Kh1 1-0